| 000 | 00933nam a2200217 a 4500 | ||
|---|---|---|---|
| 008 | 130426s2012 ||||||||||||||||| || u | ||
| 020 | _a9781446202838 | ||
| 050 | _aLB 1060.2 Viz | ||
| 100 | _aVizard, Dave | ||
| 245 | 1 | 0 |
_aHow to manage behaviour in further education. (2nd ed.) _cby Dave Vizard |
| 250 | _a2nd ed. | ||
| 260 |
_aLondon: _bSAGE Publications _c2012 |
||
| 300 | _avii, 157 pages : illustrations | ||
| 350 | _a45.00 | ||
| 500 | _aIncludes references | ||
| 650 | _aPROBLEM YOUTH--BEHAVIOUR MODIFICATION | ||
| 650 | 0 | _aCLASSROOM MANAGEMENT | |
| 650 | _aMOTIVATION IN ADULT EDUCATION | ||
| 995 |
_aMAIN LIBRARY OPEN ACCESS _e744124 _FCBU-MAIN LIBRARY (Kitwe) _jLB 1060.2 Viz _M1 _UAVAILABLE _WJun 20, 2013 _y744124 _ZMain Library Open Access Collection |
||
| 995 |
_aMAIN LIBRARY OPEN ACCESS _e745526 _FCBU-MAIN LIBRARY (Kitwe) _I45.00 _jLB 1060.2 Viz _M3 _UAVAILABLE _WJul 14, 2015 _y745526 _ZMain Library Open Access Collection |
||
| 999 |
_c76376 _d76376 |
||